000 00599nam a22002177a 4500
003 KOHA_MİRAKIL
005 20260511070706.0
008 260507b tu ||||| |||| 00| 0 tur d
020 _a9786256300620
040 _aTR-AnABB
_btur
_cTR-AnABB
041 _atur
082 _a811.42
_bOKU 2024
100 1 _aOkumuş, Nurullah
245 1 0 _aDilsiz kaval /
_cNurullah Okumuş
250 _a1. baskı
260 _aAnkara :
_bGülnar yayınları,
_c2024
300 _a94 sayfa ;
_c20 cm.
650 0 4 _aTürk edebiyatı, şiir
900 _bCan ÇELIK
942 _2ddc
_cBK
999 _c10382
_d10382